Antibody concentration in serum, aqueous humour & tear in patients of acute iridocycitis (Record no. 73025)
[ view plain ]
| 000 -LEADER | |
|---|---|
| fixed length control field | 00361nam a2200133Ia 4500 |
| 008 - FIXED-LENGTH DATA ELEMENTS--GENERAL INFORMATION | |
| fixed length control field | 230917s9999||||xx |||||||||||||| ||und|| |
| 040 ## - CATALOGING SOURCE | |
| -- | 94557 |
| Original cataloging agency | VIVEKANANDA LIBRARY |
| 041 ## - Language | |
| -- | English |
| 082 ## - DDC NUMBER | |
| Classification number | 617.7 P24A |
| 100 ## - MAIN ENTRY--PERSONAL NAME | |
| Personal name | Parmar, Anu |
| 245 #0 - TITLE STATEMENT | |
| Title | Antibody concentration in serum, aqueous humour & tear in patients of acute iridocycitis |
| 300 ## - PHYSICAL DESCRIPTION | |
| Pages | 96 p. |
| 942 ## - ADDED ENTRY ELEMENTS (KOHA) | |
| Koha item type | Thesis |
| Withdrawn status | Lost status | Damaged status | Not for loan | Location (home branch) | Sublocation or collection (holding branch) | Shelving location | Date acquired | Koha issues (times borrowed) | Koha full call number | Accession No. | Koha date last seen | Koha item type |
|---|---|---|---|---|---|---|---|---|---|---|---|---|
| VIVEKANANDA LIBRARY | VIVEKANANDA LIBRARY | Reference | 04/07/2003 | 617.7 P24A | 147178 | 17/09/2023 | Thesis |
